AEK Athens Squad - 2025/26 - Statistics

General Stats
  • This quiz has been taken 24 times
    19 since last reset
  • The average score is 25 of 30
Answer Stats
# Position Country Player % Correct
9 ST Serbia Luka Jovic
100%
1 GK Albania Thomas Strakosha
100%
11 LW Mauritania Aboubakary Koita
94%
25 ST Hungary Barnabas Varga
94%
21 CB Croatia Domagoj Vida
94%
44 CB Portugal Filipe Relvas
94%
2 CB Cameroon Harold Moukoudi
94%
12 RB Greece Lazaros Rota
94%
13 CM Mexico Orbelin Pineda
94%
18 CM Romania Razvan Marin
94%
3 LB Greece Stavros Pilios
94%
91 GK Italy Alberto Brignoli
88%
7 LW Switzerland Dereck Kutesa
88%
10 AM Portugal Joao Mario
88%
8 AM Serbia Mijat Gacinovic
88%
19 RM Sweden Niclas Eliasson
88%
37 CM Argentina Roberto Pereyra
88%
90 ST Angola Zini
88%
22 CB Peru Alexander Callens
81%
17 AM Greece Dimitrios Kaloskamis
81%
29 LB Scotland James Penrice
81%
6 DM Denmark Jens Jonsson
81%
20 AM Greece Petros Mantalos
81%
4 DM Serbia Marko Grujic
75%
15 CB Bulgaria Martin Georgiev
75%
80 DM Rwanda Hakim Sahabo
69%
23 CM Croatia Robert Ljubicic
69%
81 GK Greece Angelos Angelopoulos
56%
34 CB Greece Christos Kosidis
50%
41 GK Greece Marios Balamotis
31%
No matching quizzes found
Score Distribution
Percent of People with Each Score
Percentile by Number Answered
Your Score History
You have not taken this quiz since the last reset